header

How long this road (Record no. 187912)

MARC details
000 -LEADER
fixed length control field 01387nam a2200325Ia 4500
245 00 - TITLE STATEMENT
Title How long this road
260 ## - PUBLICATION, DISTRIBUTION, ETC. (IMPRINT)
Place of publication Houndmills, Basingstoke, Hampshire ;
-- New York :
Name of publisher Palgrave Macmillan,
Year of publication c2003.
300 ## - PHYSICAL DESCRIPTION
Number of Pages xxi, 279 p.
650 #0 - SUBJECT ADDED ENTRY--TOPICAL TERM
Topical Term African Americans
700 1# - ADDED ENTRY--PERSONAL NAME
Personal name Pollard, Alton B.
Personal name Whelchel, L. H.
856 40 - ELECTRONIC LOCATION AND ACCESS
Uniform Resource Identifier http://site.ebrary.com/lib/rucke/Doc?id=10135536

No items available.

© 2026 Rongo University
Contact us: librarian | system librarian | Rongo university